[Event "ICS rated standard match"]
[Site "204.178.125.65"]
[Date "2000.06.01"]
[Round "?"]
[White "star"]
[Black "Hossa"]
[Result "1-0"]
[WhiteElo "2585"]
[BlackElo "2306"]
[PlyCount "79"]
[EventDate "2000.??.??"]

1. e4 c5 2. Nf3 e6 3. d4 cxd4 4. Nxd4 Nc6 5. Nc3 d6 6. Be3 Be7 7. Bc4 Nf6 8.
Qe2 O-O 9. O-O-O Bd7 10. f4 Nxd4 11. Bxd4 e5 12. fxe5 Bg4 13. exf6 Bxe2 14.
fxe7 Qxe7 15. Bxe2 Rfc8 16. Bd3 Re8 17. Rhf1 Qh4 18. Nd5 Rf8 19. Kb1 b6 20. Rf4
Qh5 21. Rdf1 f6 22. Bc4 Kh8 23. Nxf6 Qg6 24. g4 b5 25. Bd5 h6 26. Bxa8 Rxa8 27.
Nh5 Kg8 28. Bxg7 Qxg7 29. Nxg7 Kxg7 30. Rf7+ Kg8 31. Re7 a6 32. Rf6 Rd8 33.
Rg6+ Kf8 34. Rgg7 Rc8 35. Ref7+ Ke8 36. Rh7 Rd8 37. Ra7 Rd7 38. Rhxd7 d5 39.
Rh7 dxe4 40. Rh8# {Hossa checkmated} 1-0

[Event "ICS Rated standard match"]
[Site "204.178.125.65"]
[Date "2000.06.01"]
[Round "?"]
[White "Hossa"]
[Black "derbesy"]
[Result "1/2-1/2"]
[WhiteElo "2301"]
[BlackElo "2200"]
[PlyCount "151"]
[EventDate "2000.??.??"]

1. e4 c5 2. Nf3 d6 3. d4 cxd4 4. Nxd4 Nf6 5. Nc3 Nbd7 6. Bc4 e6 7. Bg5 a6 8.
O-O Be7 9. Bxe6 fxe6 10. Nxe6 Qb6 11. Nxg7+ Kf7 12. Nd5 Qxb2 13. Nxe7 Kxe7 14.
Nf5+ Kf7 15. Nxd6+ Kg7 16. Qd2 Qe5 17. Bf4 Qh5 18. Nf5+ Kf7 19. Qb4 Re8 20.
Nd6+ Kg7 21. Nxe8+ Nxe8 22. Qe7+ Qf7 23. Qxf7+ Kxf7 24. Rad1 Ndf6 25. f3 Be6
26. a3 Rc8 27. Rf2 Nc7 28. Bxc7 Rxc7 29. Rfd2 b5 30. e5 Nd5 31. Rxd5 Bxd5 32.
Rxd5 Rxc2 33. Rd7+ Ke6 34. Rxh7 Kxe5 35. Rh6 a5 36. Rb6 Rc5 37. Kf2 Rc2+ 38.
Kg3 Rc5 39. h4 Kd4 40. Kh2 Kc4 41. Re6 b4 42. axb4 axb4 43. Re4+ Kb3 44. f4 Rc4
45. Re5 Rxf4 46. g3 Rc4 47. Kg2 Kb2 48. Kf3 b3 49. h5 Kb1 50. Rb5 b2 51. h6 Kc2
52. h7 Rc8 53. Rxb2+ Kxb2 54. g4 Rh8 55. g5 Rxh7 56. Kg3 Kc3 57. Kf4 Kd4 58. g6
Rg7 59. Kf5 Kd5 60. Kf6 Ra7 61. g7 Ra6+ 62. Kf7 Ra7+ 63. Kf8 Ra8+ 64. Kf7 Ra7+
65. Kf8 Ra8+ 66. Kf7 Kd6 67. Kf6 Kd7 68. Kf7 Rd8 69. Kf6 Re8 70. Kf7 Re7+ 71.
Kf8 Re8+ 72. Kf7 Re7+ 73. Kf8 Kd8 74. g8=Q Re8+ 75. Kf7 Rxg8 76. Kxg8 1/2-1/2

[Event "ICS rated bullet match"]
[Site "204.178.125.65"]
[Date "2000.06.01"]
[Round "?"]
[White "PostModernist"]
[Black "Hossa"]
[Result "1-0"]
[WhiteElo "2421"]
[BlackElo "2307"]
[PlyCount "97"]
[EventDate "2000.??.??"]

1. d4 Nf6 2. c4 c5 3. Nf3 cxd4 4. Nxd4 e5 5. Nc2 d5 6. cxd5 Qxd5 7. Qxd5 Nxd5
8. g3 Be6 9. e4 Nf6 10. Bb5+ Nc6 11. Nc3 Be7 12. Bxc6+ bxc6 13. O-O Bh3 14. Re1
Nd7 15. b3 Rd8 16. Ba3 Bxa3 17. Nxa3 Nc5 18. Rad1 Ke7 19. Nc4 Kf6 20. Na5 Rd3
21. Rxd3 Nxd3 22. Rd1 Nb4 23. a3 Nc2 24. Nxc6 Nxa3 25. Rd6+ Kg5 26. Nxe5 Rf8
27. Ra6 Nc2 28. Rxa7 Be6 29. Nd5 Kh6 30. Nc6 Rc8 31. Nde7 Re8 32. f4 Ne3 33. f5
Bc8 34. Ne5 Kg5 35. Nxf7+ Kf6 36. Nxc8 Rxc8 37. e5+ Kxf5 38. Nd6+ Kxe5 39. Nxc8
Kf6 40. Nd6 Kg6 41. Ne8 Kh6 42. Rxg7 Nf5 43. Rd7 Kg6 44. g4 Ne3 45. Rg7+ Kh6
46. Kf2 Nd5 47. Kg3 Nc7 48. g5+ Kh5 49. Nf6# {Hossa checkmated} 1-0

[Event "ICS rated bullet match"]
[Site "204.178.125.65"]
[Date "2000.06.01"]
[Round "?"]
[White "Hossa"]
[Black "PostModernist"]
[Result "1-0"]
[WhiteElo "2296"]
[BlackElo "2432"]
[PlyCount "141"]
[EventDate "2000.??.??"]

1. d4 Nf6 2. c4 g6 3. Nc3 d5 4. Nf3 Bg7 5. Bg5 Ne4 6. Bh4 c6 7. e3 Qa5 8. Qc1
Nxc3 9. Qxc3 Qxc3+ 10. bxc3 Be6 11. Ng5 Bd7 12. cxd5 cxd5 13. c4 f6 14. Nf3 Be6
15. cxd5 Bxd5 16. Bd3 f5 17. Bb5+ Nc6 18. O-O Bxf3 19. gxf3 a6 20. Bxc6+ bxc6
21. Rfc1 Rg8 22. Bg5 h6 23. Bf4 g5 24. Bc7 Kd7 25. Bb6 Rab8 26. Rab1 e5 27.
dxe5 Bxe5 28. Rc4 Bd6 29. Ra4 g4 30. f4 Ra8 31. e4 fxe4 32. Rd1 Rg6 33. Rad4
Ke7 34. f5 Rf6 35. Rxe4+ Kf7 36. Rxg4 Rb8 37. Rg6 Be7 38. Rxf6+ Kxf6 39. Be3
Rg8+ 40. Kh1 h5 41. Rd7 Rg4 42. Bd4+ Kxf5 43. f3 Rxd4 44. Rxd4 a5 45. Ra4 Bb4
46. a3 Bd2 47. Rc4 Be3 48. Rxc6 Kf4 49. Rh6 Kg5 50. Rd6 Kf4 51. Kg2 h4 52. Re6
h3+ 53. Kxh3 Kxf3 54. Rxe3+ Kxe3 55. Kg4 Ke4 56. h4 Ke5 57. Kg5 Ke6 58. Kg6 Ke7
59. Kg7 Ke6 60. h5 Kd5 61. h6 Kc4 62. h7 Kb3 63. Kf7 Kxa3 64. Ke6 a4 65. Kd5
Kb3 66. h8=Q a3 67. Qa1 Kc2 68. Kd4 Kd2 69. Qa2+ Ke1 70. Ke3 Kf1 71. Qf2# 1-0

[Event "ICS rated blitz match"]
[Site "204.178.125.65"]
[Date "2000.06.01"]
[Round "?"]
[White "Hossa"]
[Black "QueenMaxima"]
[Result "0-1"]
[WhiteElo "2407"]
[BlackElo "2596"]
[PlyCount "124"]
[EventDate "2000.??.??"]

1. d4 Nf6 2. c4 e6 3. Nf3 b6 4. e3 Bb7 5. Nc3 Bb4 6. Bd3 O-O 7. Bd2 d5 8. cxd5
exd5 9. a3 Bd6 10. Rc1 c5 11. dxc5 bxc5 12. O-O Ba6 13. Bxa6 Nxa6 14. Qa4 Nc7
15. e4 Nxe4 16. Nxe4 dxe4 17. Qxe4 Re8 18. Qc4 Rb8 19. b4 cxb4 20. axb4 Rc8 21.
Bg5 Qd7 22. Qa2 Nd5 23. Rxc8 Rxc8 24. Ra1 Rc7 25. Qe2 Bxb4 26. Qb2 f6 27. Be3
a5 28. Rd1 Qc6 29. Qa2 Rd7 30. Nd4 Qb7 31. Qc4 Kh8 32. Bc1 a4 33. Nf3 a3 34.
Qc2 Qa8 35. Qe4 Rd8 36. Qc4 Rc8 37. Qg4 Nc3 38. Bxa3 Bxa3 39. Re1 Rd8 40. Qc4
Qc8 41. Qb3 Bd6 42. Qf7 Bc5 43. Qb3 Qc7 44. Qe6 Qb6 45. Qe8+ Bf8 46. Qf7 Nd1
47. Rf1 Bc5 48. g3 Qb2 49. Qc7 Bxf2+ 50. Kh1 Rg8 51. Qe7 Ne3 52. Re1 Bxe1 53.
Qxe3 Bf2 54. Qe6 Ba7 55. Qd7 Qe2 56. Qxa7 Qxf3+ 57. Kg1 Rc8 58. Qa1 Rc2 59. Qf1
Qe3+ 60. Kh1 Qd2 61. Qg1 Qd5+ 62. Qg2 Rc1# {Hossa checkmated} 0-1

[Event "ICS rated standard match"]
[Site "204.178.125.65"]
[Date "2000.06.01"]
[Round "?"]
[White "Beadle"]
[Black "Hossa"]
[Result "1-0"]
[WhiteElo "2459"]
[BlackElo "2301"]
[PlyCount "86"]
[EventDate "2000.??.??"]

1. d4 Nf6 2. c4 e6 3. Nf3 b6 4. Nc3 Bb7 5. Bg5 Bb4 6. e3 Bxf3 7. Qxf3 Nc6 8.
Bd3 h6 9. Bf4 O-O 10. O-O Bxc3 11. bxc3 Re8 12. Be5 Rb8 13. Rfd1 Na5 14. Rab1
d6 15. Bxf6 Qxf6 16. Qxf6 gxf6 17. g4 Kg7 18. Kg2 Rg8 19. h4 c6 20. Kf3 Rbc8
21. Rdc1 d5 22. c5 bxc5 23. dxc5 e5 24. e4 Rgd8 25. Rb4 Ra8 26. Ke2 Rd7 27.
Rcb1 d4 28. Ra4 Nb7 29. cxd4 exd4 30. Rbb4 Nxc5 31. Rxd4 Rad8 32. Rxd7 Rxd7 33.
Ra3 Nxd3 34. Rxd3 Rxd3 35. Kxd3 Kf8 36. h5 Ke8 37. Kd4 Ke7 38. Kc5 Kd7 39. f4
Ke8 40. Kxc6 Ke7 41. a4 a5 42. Kb6 Ke6 43. Kxa5 Kd7 {Hossa resigns} 1-0

[Event "ICS rated blitz match"]
[Site "204.178.125.65"]
[Date "2000.06.02"]
[Round "?"]
[White "MissSilicon"]
[Black "Hossa"]
[Result "1-0"]
[WhiteElo "2644"]
[BlackElo "2399"]
[PlyCount "99"]
[EventDate "2000.??.??"]

1. Nf3 Nf6 2. c4 c6 3. d4 d5 4. cxd5 cxd5 5. e3 Nc6 6. Nc3 Bg4 7. Qb3 Na5 8.
Qa4+ Bd7 9. Bb5 Nc6 10. Ne5 Qc7 11. Nxd7 Qxd7 12. O-O Rc8 13. Bd2 e6 14. Rac1
Be7 15. a3 Bd6 16. Bd3 Qc7 17. Nb5 Bxh2+ 18. Kh1 Qb8 19. Nxa7 Qxa7 20. Rxc6
Qxa4 21. Rxc8+ Ke7 22. Rxh8 Bd6 23. Rc1 Kd7 24. f3 Qb3 25. Bc3 h6 26. Kg1 Qa4
27. Kf2 Qa7 28. Bb5+ Ke7 29. Rc8 h5 30. Be1 g5 31. Bb4 Bxb4 32. R1c7+ Kd6 33.
Rxf7 Be1+ 34. Kf1 Qb6 35. a4 Bh4 36. Rb8 Qa5 37. b4 Qc7 38. Rxc7 Kxc7 39. Rf8
g4 40. g3 gxf3 41. gxh4 Ng4 42. Rf7+ Kb8 43. Bd7 Nxe3+ 44. Kf2 Nc2 45. Bxe6
Nxb4 46. Kxf3 Nc2 47. Bxd5 b6 48. Ke4 Nb4 49. Rb7+ Kc8 50. Rxb6 {Hossa resigns}
1-0

[Event "ICS rated blitz match"]
[Site "204.178.125.65"]
[Date "2000.06.02"]
[Round "?"]
[White "Hossa"]
[Black "MissSilicon"]
[Result "0-1"]
[WhiteElo "2393"]
[BlackElo "2650"]
[PlyCount "126"]
[EventDate "2000.??.??"]

1. d4 Nf6 2. c4 e6 3. Nf3 b6 4. Nc3 Bb7 5. a3 c5 6. d5 exd5 7. cxd5 Bd6 8. Nb5
Qe7 9. Bg5 O-O 10. e3 a6 11. Nc3 Bc7 12. Bd3 h6 13. Bxf6 Qxf6 14. O-O Qd6 15.
Qc2 Re8 16. Bh7+ Kh8 17. Bf5 Qe7 18. Rad1 d6 19. b3 Nd7 20. Nd2 Bc8 21. Ne2 Ne5
22. Bxc8 Raxc8 23. Ng3 f6 24. Nc4 Qd7 25. Ne2 b5 26. Nxe5 dxe5 27. Ng3 Bd6 28.
Qf5 Qe7 29. Qg6 Qd7 30. Nf5 c4 31. bxc4 bxc4 32. e4 Bf8 33. Ra1 c3 34. Rfe1 c2
35. Rec1 Rc3 36. Ne3 Rec8 37. Ra2 Qb7 38. a4 Ba3 39. Rcxc2 Rxc2 40. Rxc2 Qb1+
41. Nf1 Qxc2 42. Qg4 Rc4 43. a5 Rxe4 44. Qg6 Bc5 45. Qf5 Bxf2+ 46. Qxf2 Re2 47.
Qg3 Qc5+ 48. Kh1 Rf2 49. h4 Rxf1+ 50. Kh2 Qc1 51. Qf3 Rh1+ 52. Kg3 Qc4 53. Qg4
Qc3+ 54. Qf3 Qb4 55. Qe3 Qxh4+ 56. Kf3 e4+ 57. Qxe4 Rf1+ 58. Ke2 Re1+ 59. Kd2
Qxe4 60. Kc3 Rc1+ 61. Kb2 Qc2+ 62. Ka3 Qc3+ 63. Ka2 Ra1# {Hossa checkmated} 0-1

[Event "ICS rated blitz match"]
[Site "204.178.125.65"]
[Date "2000.06.02"]
[Round "?"]
[White "PostModernist"]
[Black "Hossa"]
[Result "1-0"]
[WhiteElo "2711"]
[BlackElo "2394"]
[PlyCount "106"]
[EventDate "2000.??.??"]

1. d4 Nf6 2. c4 e6 3. g3 c5 4. d5 exd5 5. cxd5 Qa5+ 6. Bd2 Qb6 7. Nc3 Na6 8. e4
d6 9. Na4 Qd8 10. Bxa6 bxa6 11. Nc3 Be7 12. Qa4+ Qd7 13. Qxd7+ Bxd7 14. h3 Rb8
15. O-O-O Rb4 16. Re1 O-O 17. Nf3 Rfb8 18. e5 Rxb2 19. exf6 Bxf6 20. Ng1 Bxc3
21. Bxc3 Rxa2 22. Re2 Ra3 23. Re7 Rb7 24. Ne2 Kf8 25. Rxd7 Rxd7 26. Re1 Rb7 27.
Kd2 Ra2+ 28. Kd3 Re7 29. Nc1 Rxe1 30. Bxe1 Rb2 31. Bd2 Rb5 32. Kc4 Kg8 33. Nb3
h6 34. Na5 g5 35. g4 Rb2 36. Kd3 Rb8 37. Nc4 Rd8 38. Ke4 Rd7 39. Kf5 a5 40. f4
a4 41. fxg5 hxg5 42. Bxg5 Kf8 43. h4 Ke8 44. h5 Kf8 45. Bf4 Rd8 46. Kf6 Rd7 47.
h6 Kg8 48. g5 a5 49. Bg3 Ra7 50. Bxd6 a3 51. Nxa3 Rd7 52. Be7 a4 53. d6 Rb7 {
Hossa resigns} 1-0

[Event "ICS rated standard match"]
[Site "204.178.125.65"]
[Date "2000.06.02"]
[Round "?"]
[White "Hossa"]
[Black "QueenMaxima"]
[Result "0-1"]
[WhiteElo "2292"]
[BlackElo "2335"]
[PlyCount "126"]
[EventDate "2000.??.??"]

1. d4 Nf6 2. c4 g6 3. Nc3 Bg7 4. e4 d6 5. Be2 O-O 6. Nf3 e5 7. Be3 Ng4 8. Bg5
f6 9. Bh4 g5 10. Bg3 Nh6 11. c5 g4 12. Nh4 dxc5 13. dxc5 Be6 14. Qxd8 Rxd8 15.
Nd5 Bxd5 16. exd5 Bf8 17. b4 a5 18. Rb1 axb4 19. Bc4 Na6 20. d6+ Kh8 21. h3
cxd6 22. cxd6 gxh3 23. Rxh3 Rxd6 24. Kf1 Rc8 25. Bb3 Nc5 26. Rc1 Rcc6 27. Rb1
Nxb3 28. axb3 Rc3 29. Bh2 Rd2 30. Ke1 Ra2 31. Kf1 Bc5 32. Bg1 Ng4 33. Rf3 Rcc2
34. Nf5 Bxf2 35. Rd1 Bb6 36. Nh4 e4 37. Rf4 e3 38. Re4 e2+ 39. Rxe2 Rxe2 40.
Bxb6 Reb2 41. Bc5 Rxb3 42. Nf5 Kg8 43. Rd8+ Kf7 44. Rd1 Rbb2 45. Nh4 Rc2 46.
Rd7+ Ke8 47. Re7+ Kd8 48. Bxb4 Rf2+ 49. Kg1 Rf4 50. Re1 Rxb4 51. Rd1+ Ke8 52.
Re1+ Kf7 53. Nf5 Kg6 54. Rf1 Rbb2 55. Nh4+ Kh5 56. g3 Nf2 57. Kg2 Kg4 58. Rc1
Nh3+ 59. Kf1 Rf2+ 60. Ke1 Nf4 61. gxf4 Rh2 62. Rc2 Ra1+ 63. Rc1 Rxc1# {
Hossa checkmated} 0-1

[Event "ICS rated standard match"]
[Site "204.178.125.65"]
[Date "2000.06.02"]
[Round "?"]
[White "Hossa"]
[Black "expert101"]
[Result "0-1"]
[WhiteElo "2278"]
[BlackElo "2169"]
[PlyCount "162"]
[EventDate "2000.??.??"]

1. Nf3 d5 2. d4 c6 3. Bf4 Bf5 4. e3 e6 5. Nbd2 Nf6 6. Nh4 Bg4 7. Be2 Bxe2 8.
Qxe2 Bd6 9. Bxd6 Qxd6 10. O-O-O Nbd7 11. Kb1 O-O-O 12. c4 Kb8 13. Nhf3 h6 14.
Rc1 g5 15. Nb3 Ne4 16. Nbd2 Rdg8 17. Nxe4 dxe4 18. Nd2 f5 19. c5 Qc7 20. Nc4
Nf6 21. b3 h5 22. h3 h4 23. Ne5 g4 24. hxg4 Nxg4 25. Nc4 Nf6 26. Qf1 Qg7 27.
Rg1 Nd5 28. Ne5 Rh7 29. a3 Qh6 30. Rh1 Qg5 31. Rh2 f4 32. exf4 Qxf4 33. g3 Qd2
34. Qc4 e3 35. Nf3 Qa5 36. gxh4 exf2 37. Rxf2 Rf7 38. Rcf1 Rgf8 39. Kb2 Ne3 40.
Qe2 Nxf1 41. Rxf1 Qd8 42. Qd3 Qd5 43. Nd2 Rxf1 44. Nxf1 e5 45. Ne3 Qxd4+ 46.
Qxd4 exd4 47. Nc2 Rf2 48. Kc1 d3 49. Ne3 Rh2 50. Nc4 Rxh4 51. Kd2 Kc7 52. Ne5
Rh3 53. Nxd3 Kd7 54. Kc2 Rh2+ 55. Kc3 Ke6 56. Kb4 Rh4+ 57. Kc3 Kd5 58. Kd2 Kd4
59. Nf2 Rh2 60. Ke2 Kxc5 61. Ke3 Rxf2 62. Kxf2 Kd4 63. Ke2 Kc3 64. b4 Kb3 65.
Kd3 Kxa3 66. Kc3 Ka4 67. Kc4 b6 68. b5 c5 69. Kd5 Kxb5 70. Ke6 c4 71. Kf7 c3
72. Kg7 c2 73. Kh8 c1=Q 74. Kg7 Qf4 75. Kh7 Qf6 76. Kg8 Qe7 77. Kh8 Kc6 78. Kg8
Kd6 79. Kh8 Ke6 80. Kg8 Kf6 81. Kh8 Qg7# {Hossa checkmated} 0-1

[Event "ICS rated standard match"]
[Site "204.178.125.65"]
[Date "2000.06.02"]
[Round "?"]
[White "Alex72"]
[Black "Hossa"]
[Result "0-1"]
[WhiteElo "1977"]
[BlackElo "2257"]
[PlyCount "76"]
[EventDate "2000.??.??"]

1. e4 c5 2. Nf3 d6 3. Bb5+ Nc6 4. O-O a6 5. Bxc6+ bxc6 6. d4 cxd4 7. Nxd4 e5 8.
Nf3 Nf6 9. Qd3 Be7 10. c4 O-O 11. Nc3 Qc7 12. Bg5 Bg4 13. h3 Bh5 14. Rad1 Rfd8
15. Qe3 Rab8 16. b3 Ra8 17. Bxf6 Bxf6 18. g4 Bg6 19. g5 Be7 20. Nh4 Bh5 21. Rd3
h6 22. Nf3 Bxf3 23. Qxf3 Bxg5 24. Kh1 Qe7 25. Qg2 g6 26. Rg3 a5 27. Ne2 a4 28.
b4 Qe6 29. Rc1 Bxc1 30. Nxc1 Qxc4 31. Nd3 Qxa2 32. Rxg6+ fxg6 33. Qxg6+ Kf8 34.
Qxh6+ Ke7 35. Qg5+ Kd7 36. Qg7+ Kc8 37. Qg4+ Kc7 38. Qd1 Qc4 {Alex72 resigns}
0-1

[Event "ICS rated standard match"]
[Site "204.178.125.65"]
[Date "2000.06.02"]
[Round "?"]
[White "Hossa"]
[Black "Estes"]
[Result "1-0"]
[WhiteElo "2262"]
[BlackElo "1978"]
[PlyCount "38"]
[EventDate "2000.??.??"]

1. Nf3 f5 2. d4 Nf6 3. d5 c6 4. c4 cxd5 5. cxd5 Qa5+ 6. Nc3 e6 7. dxe6 dxe6 8.
Bd2 Qb6 9. Qc2 Ng4 10. h3 Qxf2+ 11. Kd1 Ne3+ 12. Bxe3 Qxe3 13. Nd5 exd5 14.
Qxc8+ Kf7 15. Qxb7+ Be7 16. Qxa8 Rc8 17. Qxd5+ Ke8 18. Qxf5 Nc6 19. Qxc8+ Bd8 {
Estes resigns} 1-0

[Event "ICS rated standard match"]
[Site "204.178.125.65"]
[Date "2000.06.02"]
[Round "?"]
[White "Estes"]
[Black "Hossa"]
[Result "0-1"]
[WhiteElo "1973"]
[BlackElo "2267"]
[PlyCount "72"]
[EventDate "2000.??.??"]

1. f4 d5 2. Nf3 Nf6 3. e3 Bg4 4. Be2 e6 5. O-O c5 6. d3 Be7 7. Qe1 Nc6 8. Nc3
d4 9. Nd1 O-O 10. e4 c4 11. Nf2 cxd3 12. cxd3 Bxf3 13. Bxf3 Nb4 14. Qe2 Rc8 15.
Bd2 Rc2 16. a3 Nc6 17. b4 Qc7 18. Rfc1 Rxc1+ 19. Rxc1 Qd7 20. Ng4 Nxg4 21. Bxg4
b5 22. f5 Ne5 23. Bh3 Nc6 24. Qg4 exf5 25. exf5 Ne5 26. Qg3 f6 27. Bf4 Rc8 28.
Re1 Bd6 29. Bg4 Nxd3 30. Qxd3 Bxf4 31. Bd1 Be3+ 32. Rxe3 Rc3 33. Bb3+ Kf8 34.
Qe4 dxe3 35. Qa8+ Rc8 36. Qe4 Rc1+ {Estes resigns} 0-1

[Event "ICS rated standard match"]
[Site "204.178.125.65"]
[Date "2000.06.02"]
[Round "?"]
[White "Hossa"]
[Black "Estes"]
[Result "1-0"]
[WhiteElo "2272"]
[BlackElo "1968"]
[PlyCount "79"]
[EventDate "2000.??.??"]

1. Nf3 f5 2. d4 e6 3. g3 Nf6 4. Bg2 Be7 5. O-O O-O 6. c4 d6 7. Nc3 Qe8 8. Bf4
Nc6 9. d5 Nd8 10. Ng5 e5 11. Bd2 Qh5 12. Nb5 f4 13. Nxc7 Qxg5 14. Nxa8 Qh5 15.
gxf4 Bh3 16. f3 Bxg2 17. Kxg2 Nf7 18. Nc7 exf4 19. Ne6 Rc8 20. Qb3 Ne5 21. Qxb7
Re8 22. b3 Ng6 23. Qxa7 Nh4+ 24. Kh1 Qe5 25. Bxf4 Qxe2 26. Rf2 Qd3 27. Bxd6 Nf5
28. Bxe7 Nxe7 29. Rg1 g6 30. Qd4 Qf5 31. Qf4 Qxf4 32. Nxf4 Nf5 33. Ne6 Kf7 34.
Re2 Ra8 35. a4 Rb8 36. Rb1 Nh4 37. Nd4 Nh5 38. d6 Nf4 39. Re7+ Kf8 40. Rxh7 {
Estes resigns} 1-0

[Event "ICS rated standard match"]
[Site "204.178.125.65"]
[Date "2000.06.02"]
[Round "?"]
[White "MrPooter"]
[Black "Hossa"]
[Result "0-1"]
[WhiteElo "2079"]
[BlackElo "2277"]
[PlyCount "40"]
[EventDate "2000.??.??"]

1. d4 Nf6 2. c4 g6 3. Nc3 Bg7 4. e4 d6 5. f3 O-O 6. Be3 c5 7. d5 e6 8. Qd2 exd5
9. cxd5 Nbd7 10. Bh6 Bxh6 11. Qxh6 Kh8 12. O-O-O Ng8 13. Qe3 f5 14. exf5 Rxf5
15. Bd3 Re5 16. Qf2 Nb6 17. Be4 Nf6 18. Nge2 Bd7 19. g4 Qf8 20. h3 Nxe4 {
MrPooter resigns} 0-1

[Event "ICS rated standard match"]
[Site "204.178.125.65"]
[Date "2000.06.02"]
[Round "?"]
[White "Hossa"]
[Black "davsig"]
[Result "1-0"]
[WhiteElo "2285"]
[BlackElo "1961"]
[PlyCount "87"]
[EventDate "2000.??.??"]

1. e4 c5 2. Nf3 Nc6 3. Bb5 g6 4. O-O Bg7 5. Bxc6 dxc6 6. d3 e5 7. Be3 b6 8. Nc3
Nf6 9. Nxe5 Nxe4 10. Qf3 Bxe5 11. Qxe4 Qd6 12. f4 Bf5 13. fxe5 Bxe4 14. exd6
Bf5 15. Ne4 Kd7 16. Rae1 h6 17. Nf6+ Kd8 18. Bxh6 Be6 19. Bg7 Rh4 20. Rf3 a5
21. c3 Kc8 22. Rg3 Kb7 23. Rxe6 fxe6 24. Rxg6 Rd8 25. d7 Rf4 26. Bh6 Rf5 27.
Bg5 Rxg5 28. Rxg5 b5 29. Rxc5 Kc7 30. Re5 Kd6 31. Re3 Ke7 32. Rf3 Rf8 33. g4 b4
34. h4 bxc3 35. bxc3 a4 36. Nd5+ cxd5 37. Rxf8 Kxf8 38. d8=Q+ Kf7 39. h5 a3 40.
g5 e5 41. Qd7+ Kg8 42. h6 Kf8 43. g6 e4 44. Qd8# {davsig checkmated} 1-0

[Event "ICS rated standard match"]
[Site "204.178.125.65"]
[Date "2000.06.02"]
[Round "?"]
[White "davsig"]
[Black "Hossa"]
[Result "0-1"]
[WhiteElo "1957"]
[BlackElo "2289"]
[PlyCount "96"]
[EventDate "2000.??.??"]

1. f4 d5 2. Nf3 Nf6 3. d4 Bf5 4. Nc3 Nbd7 5. e3 e6 6. Bd3 Bxd3 7. Qxd3 c6 8.
Bd2 Bb4 9. O-O Bxc3 10. Bxc3 Ne4 11. Bb4 Qc7 12. Nd2 Ndf6 13. Ba3 O-O-O 14.
Rac1 Nxd2 15. Qxd2 Ne4 16. Qe2 Kb8 17. c4 Rhe8 18. b4 Nd6 19. cxd5 exd5 20. Rc2
Nf5 21. Bc1 Nxd4 22. Qd3 Nxc2 23. Qxc2 Re4 24. a3 Qe7 25. h3 Rxe3 26. Bxe3
Qxe3+ 27. Kh1 Qxa3 28. b5 cxb5 29. Qxh7 Qc3 30. Qf5 Qc7 31. Rf2 a5 32. Rc2 Qe7
33. Qd3 Qb4 34. Qf5 Qe4 35. Qg5 f6 36. Qxg7 Qxc2 37. Qxf6 Rg8 38. Qd6+ Ka8 39.
Qxd5 Qc1+ 40. Kh2 Qxf4+ 41. Kh1 Rc8 42. Qd1 Rc1 43. Qxc1 Qxc1+ 44. Kh2 Qf4+ 45.
Kg1 b4 46. g4 Qd2 47. h4 b3 48. g5 b2 {davsig resigns} 0-1

[Event "ICS rated standard match"]
[Site "204.178.125.65"]
[Date "2000.06.02"]
[Round "?"]
[White "Hossa"]
[Black "davsig"]
[Result "1-0"]
[WhiteElo "2293"]
[BlackElo "1953"]
[PlyCount "143"]
[EventDate "2000.??.??"]

1. Nf3 d5 2. b3 Nc6 3. d4 Bf5 4. e3 a6 5. c4 e6 6. Be2 Bxb1 7. Rxb1 Bb4+ 8. Bd2
Qe7 9. O-O Nf6 10. Bd3 O-O 11. Ng5 h6 12. Nf3 Ne4 13. Bxb4 Qxb4 14. Qc2 f5 15.
cxd5 exd5 16. Ne5 Nxe5 17. dxe5 Rac8 18. f3 Nc3 19. Rbc1 d4 20. Bc4+ Kh8 21.
exd4 Nb5 22. Qf2 c6 23. Bxb5 axb5 24. Rcd1 Rcd8 25. Qb2 Rd5 26. a3 Qe7 27. b4
Rfd8 28. Rd2 Qg5 29. f4 Qg4 30. Rd3 Kh7 31. Qf2 Qh5 32. Rd2 Qg4 33. e6 Qg6 34.
Re1 Re8 35. Rde2 Qf6 36. Re5 Rd6 37. Qe3 Re7 38. Re2 g6 39. Kh1 Qf8 40. h4 h5
41. Re1 Qd8 42. Rd1 Rd5 43. Rxd5 Qxd5 44. Re1 Kg7 45. Qe5+ Qxe5 46. dxe5 Rxe6
47. Rd1 Re7 48. Kh2 Kf7 49. g3 b6 50. Rd6 Rc7 51. Rd8 c5 52. bxc5 bxc5 53. Rb8
c4 54. Rxb5 c3 55. Rb1 c2 56. Rc1 Rc3 57. a4 Ke6 58. Kg2 Kd5 59. Kf2 Kc4 60.
Ke2 Kb3 61. Kd2 Rxg3 62. e6 Rg2+ 63. Kd3 Rg3+ 64. Ke2 Rg2+ 65. Kf3 Rd2 66. e7
Rd1 67. Rxc2 Kxc2 68. e8=Q Rd3+ 69. Kf2 Rd2+ 70. Qe2 Rxe2+ 71. Kxe2 Kc3 72. a5
{davsig resigns} 1-0

[Event "ICS rated standard match"]
[Site "204.178.125.65"]
[Date "2000.06.02"]
[Round "?"]
[White "Hossa"]
[Black "MissSilicon"]
[Result "0-1"]
[WhiteElo "2297"]
[BlackElo "2442"]
[PlyCount "138"]
[EventDate "2000.??.??"]

1. Nf3 Nf6 2. c4 e6 3. Nc3 c5 4. g3 Be7 5. Bg2 d5 6. cxd5 exd5 7. d4 O-O 8.
dxc5 Bxc5 9. Bg5 Nbd7 10. O-O h6 11. Bf4 Nb6 12. Qc2 Be6 13. e3 Rc8 14. Rfc1
Re8 15. Qd3 Nh5 16. Be5 Nc4 17. Bd4 Nxb2 18. Qb5 Ba3 19. Rc2 Nc4 20. Nd2 Nd6
21. Qa4 Bf5 22. e4 dxe4 23. Nb3 e3 24. Re2 Bd3 25. Qxa3 Bxe2 26. Nxe2 exf2+ 27.
Kxf2 Rc2 28. Re1 Qe7 29. Kg1 Rxe2 30. Rxe2 Qxe2 31. Qxd6 Qd1+ 32. Bf1 Re1 33.
Qb8+ Kh7 34. Nd2 Qxd2 35. Bf2 Rb1 36. Qe5 Qd3 37. Be1 Qg6 38. Bf2 a6 39. Qe3
Nf6 40. Qd2 Ne4 41. Qe2 Ng5 42. h4 Qe4 43. Kh2 Nf3+ 44. Kh3 f5 45. Ba7 Ng5+ 46.
Kh2 Qxe2+ 47. Bxe2 Rb2 48. hxg5 hxg5 49. a3 Rxe2+ 50. Kh1 f4 51. gxf4 gxf4 52.
Kg1 Ra2 53. Bc5 f3 54. Bd6 Rd2 55. Bb4 Rg2+ 56. Kf1 g5 57. Ke1 g4 58. Kf1 g3
59. Bd6 Kg6 60. a4 Kg5 61. Ke1 Rg1+ 62. Kd2 f2 63. Bxg3 f1=Q 64. Bb8 Rg2+ 65.
Kc3 Qc1+ 66. Kd3 Rd2+ 67. Ke3 Qc3+ 68. Ke4 Rd4+ 69. Ke5 Qe3# {Hossa checkmated}
0-1

[Event "ICS rated standard match"]
[Site "204.178.125.65"]
[Date "2000.06.02"]
[Round "?"]
[White "caperuso"]
[Black "Hossa"]
[Result "0-1"]
[WhiteElo "2101"]
[BlackElo "2287"]
[PlyCount "28"]
[EventDate "2000.??.??"]

1. e4 c5 2. Bc4 Nf6 3. e5 d5 4. Bb5+ Bd7 5. Qe2 Qb6 6. Nc3 d4 7. Bxd7+ Nfxd7 8.
Na4 Qc6 9. b3 Qxg2 10. Qf3 Qxf3 11. Nxf3 Nc6 12. Ba3 e6 13. Rg1 b5 14. Nxc5
Nxc5 {caperuso resigns} 0-1

[Event "ICS rated standard match"]
[Site "204.178.125.65"]
[Date "2000.06.02"]
[Round "?"]
[White "Hossa"]
[Black "caperuso"]
[Result "1-0"]
[WhiteElo "2289"]
[BlackElo "2068"]
[PlyCount "77"]
[EventDate "2000.??.??"]

1. e4 e6 2. Nf3 d5 3. exd5 exd5 4. Bb5+ c6 5. Be2 Bd6 6. d3 Qc7 7. Bg5 Be6 8.
Nc3 Nd7 9. Qd2 Ngf6 10. O-O-O h6 11. Be3 Ng4 12. Nd4 Nxe3 13. Nxe6 fxe6 14.
Bh5+ Ke7 15. fxe3 Raf8 16. Qe1 Nf6 17. Qh4 g5 18. Qh3 Rhg8 19. Bg4 Qb6 20. d4
Nxg4 21. Qxg4 Qa6 22. Kb1 b5 23. e4 Rf4 24. Qe2 Kd7 25. a4 Rgf8 26. axb5 cxb5
27. exd5 exd5 28. Nxd5 Rf2 29. Qg4+ Kc6 30. Qe4 Kd7 31. Qh7+ Kc6 32. Nc3 b4 33.
Ne4 Rxc2 34. Kxc2 Qa4+ 35. Kb1 b3 36. d5+ Kb6 37. Nxd6 Qa2+ 38. Kc1 Qa1+ 39.
Qb1 {caperuso resigns} 1-0

[Event "ICS rated blitz match"]
[Site "204.178.125.65"]
[Date "2000.06.02"]
[Round "?"]
[White "Hossa"]
[Black "QueenMaxima"]
[Result "0-1"]
[WhiteElo "2390"]
[BlackElo "2594"]
[PlyCount "156"]
[EventDate "2000.??.??"]

1. e4 c5 2. Nf3 Nc6 3. Bb5 e6 4. O-O Nge7 5. Re1 a6 6. Bf1 d5 7. exd5 Nxd5 8.
Bc4 Be7 9. Bxd5 exd5 10. d4 cxd4 11. Nxd4 O-O 12. Nc3 Re8 13. Be3 Bf6 14. Qd2
Ne5 15. Rad1 Nc4 16. Qc1 Bg4 17. f3 Nxe3 18. Rxe3 Qb6 19. Rxe8+ Rxe8 20. Qd2
Be6 21. b3 Qc5 22. Nce2 Bf5 23. c3 h6 24. b4 Qc4 25. Nf4 Bc8 26. Nde2 Re5 27.
Nc1 Bg5 28. Ncd3 Rf5 29. g3 Bf6 30. Rc1 g5 31. Nh5 Rxf3 32. Nxf6+ Rxf6 33. Ne5
Qb5 34. a4 Qb6+ 35. Qd4 Bh3 36. Qxb6 Rxb6 37. Rd1 Rf6 38. a5 h5 39. Rc1 h4 40.
Rd1 Kg7 41. Re1 Re6 42. Kf2 hxg3+ 43. hxg3 Bf5 44. Nf3 Kf6 45. Nd4 Rxe1 46.
Kxe1 Bg4 47. Nb3 Ke5 48. Kf2 f6 49. Ke3 Kd6 50. Nc5 Bc8 51. Nb3 Kc7 52. Kd4 Kc6
53. Ke3 Bh3 54. Ke2 Bg2 55. Nd4+ Kd6 56. Nb3 Bh3 57. Kf3 Bd7 58. Nc5 Kc6 59.
Nxd7 Kxd7 60. Kg4 Ke6 61. Kf3 f5 62. Ke3 Ke5 63. Kd3 d4 64. cxd4+ Kd5 65. Kc3
Ke4 66. d5 Kxd5 67. Kd3 f4 68. g4 Ke5 69. Kc3 Ke4 70. Kd2 f3 71. Ke1 Ke3 72.
Kd1 f2 73. Kc2 f1=Q 74. Kc3 Qd3+ 75. Kb2 Kd2 76. b5 Qxb5+ 77. Ka2 Kc2 78. Ka3
Qxa5# {Hossa checkmated} 0-1